Uranium in coal in the Western United States. (Record no. 29432)

MARC details
000 -LEADER
fixed length control field 01059cam a22002771 4500
001 - CONTROL NUMBER
control field gs 60000172
003 - CONTROL NUMBER IDENTIFIER
control field DLC
005 - DATE AND TIME OF LATEST TRANSACTION
control field 20260227111409.0
008 - FIXED-LENGTH DATA ELEMENTS--GENERAL INFORMATION
fixed length control field 771011s1959 dcuab b f000 0 eng
010 ## - LIBRARY OF CONGRESS CONTROL NUMBER
LC control number gs 60000172
035 ## - SYSTEM CONTROL NUMBER
System control number (OCoLC)3332543
040 ## - CATALOGING SOURCE
Original cataloging agency DLC
Transcribing agency OClU
Modifying agency OCoLC
-- DLC
042 ## - AUTHENTICATION CODE
Authentication code premarc
050 00 - LIBRARY OF CONGRESS CALL NUMBER
Classification number QE75
Item number .B9 no. 1055
082 ## - DEWEY DECIMAL CLASSIFICATION NUMBER
Classification number 553.493
110 2# - MAIN ENTRY--CORPORATE NAME
Corporate name or jurisdiction name as entry element Geological Survey (U.S.)
245 10 - TITLE STATEMENT
Title Uranium in coal in the Western United States.
Statement of responsibility, etc. Based on the joint and individual work of Norman M. Denson [and others]
260 ## - PUBLICATION, DISTRIBUTION, ETC.
Place of publication, distribution, etc. Washington,
Name of publisher, distributor, etc. U.S. Govt. Print. Off.,
Date of publication, distribution, etc. 1959.
300 ## - PHYSICAL DESCRIPTION
Extent 315 p.
Other physical details illus., maps and portfolio (45 fold. plates (incl. maps,part col.))
Dimensions 23 cm.
410 11 - SERIES STATEMENT/ADDED ENTRY--CORPORATE NAME [OBSOLETE, CAN/MARC], [LOCAL, USA]
Corporate name or jurisdiction name as entry element Its.
Title of a work Bulletin
Volume number/sequential designation 1055
500 ## - GENERAL NOTE
General note "This report concerns work done on behalf of the U. S. Atomic Energy Commission and is published with the permission of the Commission."
504 ## - BIBLIOGRAPHY, ETC. NOTE
Bibliography, etc. note Includes bibliographies.
650 #0 - SUBJECT ADDED ENTRY--TOPICAL TERM
Topical term or geographic name entry element Uranium ores
Geographic subdivision West (U.S.)
650 #0 - SUBJECT ADDED ENTRY--TOPICAL TERM
Topical term or geographic name entry element Coal
Geographic subdivision West (U.S.)
700 1# - ADDED ENTRY--PERSONAL NAME
Personal name Denson, N. M.
Fuller form of name (Norman MacLaren),
Dates associated with a name 1914-

No items available.

Powered by Koha